00302nam a2200121Ia 4500003000400000005001700004008004100021020001900062040002700081100001700108245002200125260003300147OSt20240311145112.0170523s9999 xx 000 0 und d a978-9380856650 cIIMT UNIVERSITY MEERUT aRajput- R.K. 0aWorkshop Practice aNew Delhi : University Press